000 00690nam a2200181 a 4500
001 000047398
005 20201002060522.0
008 140610s2002 dr 000 0 spa d
040 _aDO-SdBNP
_bspa
_cBNPHU
245 0 0 _aII estudio :
_bmercado de edificaciones urbanas en República Dominicana, enero-febrero 2002 /
_cinvestigadores Elizabeth Pérez Pérez, Piedad Castillo, Henry Rincón Melo, Miryam Cuenca.
260 _aSanto Domingo :
_bFONDOVIP,
_c2002.
300 _a369 p. ;
_c28 cm.
590 _aInventariado, 2018/ YL
700 1 2 _aPérez Pérez, Elizabeth
_975037
700 1 2 _aCastillo, Piedad
_975038
700 1 2 _aRincón Melo, Henry
_975039
700 1 2 _aCuenca, Miryam
_975040
999 _c46886
_d46886